Normal view
MARC view
- Muhammad Iqbal Dr
Entry Personal Name
001 - CONTROL NUMBER
- control field: 46061
003 - CONTROL NUMBER IDENTIFIER
- control field: NUST
005 - DATE AND TIME OF LATEST TRANSACTION
- control field: 20210314133416.0
008 - FIXED-LENGTH DATA ELEMENTS
- fixed length control field: 210314|| aca||aabn | a|a d
040 ## - CATALOGING SOURCE
- Original cataloging agency: NUST
- Transcribing agency: NUST
100 ## - HEADING--PERSONAL NAME
- Personal name: Muhammad Iqbal Dr
670 ## - SOURCE DATA FOUND
- Source citation: Work cat.: (NUST): Muhammad Iqbal Dr, Zarb-e-kaleem Aur Arma Aane-Hijazi (Urdu)/, c1997
